| 000 | 00366nam a2200145Ia 4500 | ||
|---|---|---|---|
| 008 | 240624s9999 xx 000 0 und d | ||
| 041 | _aeng | ||
| 082 | _a519.5 AGR | ||
| 100 | _aAGRESTI ALAN | ||
| 245 | _aSTATISTICAL METHODS FOR THE SOCIAL SCIEN | ||
| 250 | _a(4th ed.) | ||
| 260 |
_c2009 _aCanada _bPearson |
||
| 300 | _axiii, 609 p.; 23 cm. | ||
| 365 |
_cRS _b27.5 |
||
| 999 |
_c29837 _d29837 |
||